000 00695nam a2200289Ia 4500
005 20260324111423.0
008 008 260324s9999 xx 000 0 eng d
020 _a9781003604730
037 _aEBOOK
040 _aCRL
040 _beng
040 _cCRL
041 _2eng
041 _aeng
084 _qCRL
100 _aJeffrey B. Rubin
_91138487
245 0 _aPsychotherapy Case Studies
245 0 _bEscaping the Prison You Didn't Know You Were In
260 _bTaylor and Francis
260 _c2025
365 _a
365 _b220
856 _uhttp://www.taylorfrancis.com/books/9781003604730
942 _cEBOOK
999 _c1727303
_d1727303